The Commons Registration (Objections and Maps) (Amendment) (England) Regulations 2007 (Record no. 106835)

MARC details
000 -LEADER
fixed length control field 01220cad a22002415a 4500
001 - CONTROL NUMBER
control field L137584
008 - FIXED-LENGTH DATA ELEMENTS--GENERAL INFORMATION
fixed length control field 070417e20070218xxk f l f000 0 eng d
020 ## - INTERNATIONAL STANDARD BOOK NUMBER
International Standard Book Number 9780110758733
035 ## - SYSTEM CONTROL NUMBER
System control number (Sirsi) u137584
041 0# - LANGUAGE CODE
Language code of text/sound track or separate title eng
110 2# - MAIN ENTRY--CORPORATE NAME
Corporate name or jurisdiction name as entry element United Kingdom
Form subheading Laws, etc
9 (RLIN) 5044
245 04 - TITLE STATEMENT
Title The Commons Registration (Objections and Maps) (Amendment) (England) Regulations 2007
Medium [electronic resource]
260 ## - PUBLICATION, DISTRIBUTION, ETC.
Place of publication, distribution, etc. London
Name of publisher, distributor, etc. OPSI
Date of publication, distribution, etc. 2007
490 #0 - SERIES STATEMENT
Series statement SI
Volume/sequential designation 2007: 540
520 ## - SUMMARY, ETC.
Summary, etc. Comes into force on 6 April 2007 and amends the Commons Registration (Objections and Maps) Regulations 1968. Amendments relate to the registration of certain land in the register of common land or town or village greens, more particularly concerning the time periods for objections.
590 ## - LOCAL NOTE (RLIN)
Local note KA
650 24 - SUBJECT ADDED ENTRY--TOPICAL TERM
Topical term or geographic name entry element THE COMMONS REGISTRATION (OBJECTIONS AND MAPS) REGULATIONS 1968
650 24 - SUBJECT ADDED ENTRY--TOPICAL TERM
Topical term or geographic name entry element THE COMMONS REGISTRATION (OBJECTIONS AND MAPS) (AMENDMENT) (ENGLAND) REGULATIONS 2007
651 #4 - SUBJECT ADDED ENTRY--GEOGRAPHIC NAME
Geographic name England and Wales
Chronological subdivision 1543-
690 ## - LOCAL SUBJECT ADDED ENTRY--TOPICAL TERM (OCLC, RLIN)
Topical term or geographic name as entry element ENVIRONMENTAL AND LAND CONSULTANCY-PLANNING AND DEVELOPMENT-DEVELOPMENT CONTROL
856 40 - ELECTRONIC LOCATION AND ACCESS
Uniform Resource Identifier <a href="https://www.opsi.gov.uk/si/si2007/20070540.htm">https://www.opsi.gov.uk/si/si2007/20070540.htm</a>
Public note View the item free of charge at www.opsi.gov.uk...
942 ## - ADDED ENTRY ELEMENTS (KOHA)
Suppress in OPAC 0
Holdings
Withdrawn status Lost status Source of classification or shelving scheme Damaged status Not for loan Home library Current library Shelving location Date acquired Total Checkouts Full call number Barcode Date last seen Copy number Price effective from Koha item type
    Dewey Decimal Classification     Virtual Virtual Online 17/04/2007   L137584 137584-1001 06/08/2019 1 06/08/2019 Book